| 000 | 00471nam a22001577a 4500 | ||
|---|---|---|---|
| 008 | 230612b |||||||| |||| 00| 0 eng d | ||
| 040 |
_aNational Science Library _cNational Science Library |
||
| 080 |
_a683.953(082).2 _bM5 |
||
| 245 | _aWood Stove dissemination proceeding of the conference | ||
| 260 |
_aLondon: _bI T Publishing, _c1985 |
||
| 300 | _a202p. | ||
| 650 | _aLanguage | ||
| 653 | _aScience | ||
| 700 | _aClarke, Robin (Ed.) | ||
| 942 |
_2udc _cREF |
||
| 999 |
_c42058 _d42058 |
||